Analýza finančnej situácie spoločnosti REDING a.s., na podklade účtovnej závierky za roky 2004-2007 diplomová práca

Enregistré dans:
Détails bibliographiques
Auteur principal: Antalíková, Viera
Collectivité auteur: Fakulta podnikového manažmentu EU. Katedra podnikových financií
Autres auteurs: Tóthová, Alena, 1968-
Format: Livre
Langue:slovaque
Publié: Bratislava 2009
Tags: Ajouter un tag
Pas de tags, Soyez le premier à ajouter un tag!

MARC

LEADER 00000nam$a2200000$$$4500
001 0101353
005 20240319124428.2
041 0 |a slo 
044 |a SK 
245 1 0 |a Analýza finančnej situácie spoločnosti REDING a.s., na podklade účtovnej závierky za roky 2004-2007  |b diplomová práca  |c Viera Antalíková ; škol. Alena Tóthová 
264 1 |a Bratislava  |c 2009 
300 |a 94 s. 
100 1 |a Antalíková, Viera 
700 1 |a Tóthová, Alena, 1968- 
710 2 |a Fakulta podnikového manažmentu EU. Katedra podnikových financií